Jak je západoevropské bankovnictví připraveno na měnovou unii

Západoeurópske bankovníctvo a jeho postavenie medzi tromi najvýznamnejšími účastníkmi bankových aktivít vo svete. Ratingové ocenenie západoeurópskych ekonomík a bánk. Pripravenosť západoeurópskych bánk na menovú úniu.

Gespeichert in:
Bibliographische Detailangaben
1. Verfasser: Košťák, V.
Format: Buchkapitel
Sprache:Tschechisch
Schlagworte:
Tags: Tag hinzufügen
Keine Tags, Fügen Sie das erste Tag hinzu!

MARC

LEADER 00000naa a2200000 4500
001 r026470
005 20230908090029.7
041 0 |a cze 
044 |a CZ 
245 1 0 |a Jak je západoevropské bankovnictví připraveno na měnovou unii  |c V. Košťák 
520 |a Západoeurópske bankovníctvo a jeho postavenie medzi tromi najvýznamnejšími účastníkmi bankových aktivít vo svete. Ratingové ocenenie západoeurópskych ekonomík a bánk. Pripravenosť západoeurópskych bánk na menovú úniu. 
610 2 0 |a bankovníctvo 
610 2 0 |a západná Európa 
610 2 0 |a únie menové 
610 2 0 |a rating 
610 2 0 |a banky 
610 2 0 |a Európska menová únia 
100 1 |a Košťák, V.